000 002600000a22000970004500
100 1 _aBooij, Th.
245 1 0 _aPsalm 101:2 --"When wilt thou come to me?"
300 _aVol. 38, Num 4 (Octubre, 1988), Páginas 458-462
773 0 _tVetus Testamentum
942 _cANA
999 _c57442
_d57442